000 00824nam a2200217 i 4500
001 156504
003 ES-MaACL
005 20260201175158.0
008 011221s1897 gw |||| | ger d
100 1 _aJung, Julius.
_9128398
245 1 0 _aGrundriss der Geographie von Italien und dem Orbis Romanus /
_cvon Julius Jung.
250 _a2 Aufl. umgearbeitete und vermehrte.
260 _aMünchen :
_bBeck,
_c1897.
300 _aVIII, 178 p. ;
_c26 cm.
490 1 _aHandbuch der klassischen Altertumswissenschaft in systematischer Darstellung ;
_v3
651 4 _aRoma-
_xGeografía.
_9164751
752 _aAlemania -
_dMunich
830 1 _aHandbuch der klassischen Altertums-Wissenschaft in systematischer Darstellung
_v3
_9218672
852 _aES-MaACL
_jF-15190
_z- Enc. tela
999 _c156504
_d156504